000 00618nam a2200217Ia 4500
005 20250508164454.0
008 008 250505s9999 xx 000 0 eng d
020 _a0-8039-9568-7
037 _aTextual
040 _aFEDL
_beng
_cFEDL
041 _aeng
_2eng
084 _a303.372, SIN
_qFEDL
100 _aSinha Durganand
245 0 _aSocial values and development : Asian perspectives
260 _aNew Delhi, India
_bSage Publications
_c1988
300 _a336p.
365 _aINR
_b235
700 _a Kao Henry S. R.
_9778238
942 _cTEXL
_h303.372, SIN
999 _c1389301
_d1389301